Íjászrekord Ópusztaszeren
Elmentve itt :
| Szerző: | |
|---|---|
| Dokumentumtípus: | Cikk |
| Megjelent: |
2008-07-21
|
| Sorozat: | Délmagyarország
98 No. 169 |
| Kulcsszavak: | Ópusztaszer, Rendezvény íjászverseny, Eseménynaptár Ópusztaszer 2008. 07., Ópusztaszeri Nemzeti Történeti Emlékpark |
| Online Access: | http://dmarchiv.bibl.u-szeged.hu/140415 |
| LEADER | 00560nab a2200157 i 4500 | ||
|---|---|---|---|
| 001 | delm140415 | ||
| 005 | 20200108115633.0 | ||
| 008 | 200108s2008 hu o 0|| hun d | ||
| 040 | |a SZTE Délmagyarország Archívum |b hun | ||
| 041 | |a hun | ||
| 100 | 1 | |a Dombai Tünde | |
| 245 | 1 | 0 | |a Íjászrekord Ópusztaszeren |h [elektronikus dokumentum] / |c Dombai Tünde |
| 260 | |c 2008-07-21 | ||
| 300 | |a 20 | ||
| 490 | 0 | |a Délmagyarország |v 98 No. 169 | |
| 695 | |a Ópusztaszer, Rendezvény íjászverseny, Eseménynaptár Ópusztaszer 2008. 07., Ópusztaszeri Nemzeti Történeti Emlékpark | ||